[Event "AUTO-INT-696"]
[Site "http://www.queenalice.com/game.php?id=309822"]
[Date "2007.11.25"]
[Round "1"]
[White "Sertori"]
[Black "holandes"]
[Result "1-0"]
[WhiteElo "1597"]
[BlackElo "1546"]

1. e4 e5 2. Bc4 c6 3. d4 Bd6 4. dxe5 Bxe5 5. Ne2 g5 6. Nbc3 b5 7. Bb3 Nf6 8. O-O
h6 9. Ng3 d6 10. f4 gxf4 11. Bxf4 Qe7 12. Qf3 Bg4 13. Qe3 Nbd7 14. Nf5 Bxf5 15.
exf5 Ng4 16. Qf3 h5 17. Nxb5 d5 18. Nc7+ Bxc7 19. Bxc7 O-O 20. h3 Nde5 21. Bxe5
Nxe5 22. Qxh5 Qc5+ 23. Kh1 Rfe8 24. f6 Ng6 25. Qh6 Qf8 26. Qg5 Re5 27. Qg3 Rae8
28. c4 Qc5 29. cxd5 cxd5 30. Rac1 Qd6 31. Qf3 a5 32. Ba4 R8e6 33. Rc8+ Nf8 34.
Qg4+ Kh7 35. Qg7# 1-0

[Event "AUTO-ADV-724"]
[Site "http://www.queenalice.com/game.php?id=309889"]
[Date "2007.11.25"]
[Round "1"]
[White "ciccioscacchi"]
[Black "Sertori"]
[Result "1-0"]
[WhiteElo "1839"]
[BlackElo "1606"]

1. e4 d5 2. exd5 Qxd5 3. Nc3 Qd6 4. d4 Nf6 5. Nf3 a6 6. Bd3 e6 7. O-O b5 8. Ne4
Nxe4 9. Bxe4 Nc6 10. Ne5 Bb7 11. Qf3 Nxe5 12. dxe5 Qb6 13. Bxb7 Rb8 14. Bc6+ Ke7
15. Bg5+ f6 16. Bxf6+ gxf6 17. Qxf6# 1-0

[Event "AUTO-ADV-724"]
[Site "http://www.queenalice.com/game.php?id=309890"]
[Date "2007.11.25"]
[Round "1"]
[White "Sertori"]
[Black "ciccioscacchi"]
[Result "0-1"]
[WhiteElo "1597"]
[BlackElo "1836"]

1. e4 e5 2. Bc4 Bc5 3. Nf3 Nc6 4. O-O Nf6 5. d4 Bxd4 6. Nxd4 Nxd4 7. f4 d6 8. c3
Nc6 9. Qb3 O-O 10. fxe5 dxe5 11. Qc2 Be6 12. Bxe6 fxe6 13. Bg5 Qe7 14. Nd2 Qc5+
15. Kh1 Ng4 16. Nf3 Nd4 17. Nxd4 exd4 18. Qe2 Qxg5 19. cxd4 Rxf1+ 20. Rxf1 Rf8
21. Re1 Nf2+ 22. Kg1 Nh3+ 23. Kh1 Rf2 24. gxh3 Qg2# 0-1

[Event "AUTO-ADV-724"]
[Site "http://www.queenalice.com/game.php?id=309901"]
[Date "2007.11.25"]
[Round "1"]
[White "rob0330"]
[Black "Sertori"]
[Result "1-0"]
[WhiteElo "1768"]
[BlackElo "1599"]

1. Nf3 f5 2. g3 Nf6 3. Bg2 e6 4. O-O Be7 5. d4 O-O 6. c4 d6 7. Nc3 a6 8. Bg5 Qe8
9. Re1 Ne4 10. Nxe4 fxe4 11. Bxe7 Qxe7 12. Nd2 d5 13. e3 Qf6 14. Re2 Nc6 15. Rc1
b5 16. cxb5 Nb4 17. Rxc7 Nd3 18. Qf1 axb5 19. a3 Nxb2 20. Nxe4 dxe4 21. Bxe4
Rxa3 22. Rxb2 Rxe3 23. Re2 Rb3 24. Qh3 Ba6 25. Qxh7# 1-0

[Event "AUTO-ADV-724"]
[Site "http://www.queenalice.com/game.php?id=309902"]
[Date "2007.11.25"]
[Round "1"]
[White "Sertori"]
[Black "rob0330"]
[Result "0-1"]
[WhiteElo "1591"]
[BlackElo "1770"]

1. e4 e5 2. Bc4 f5 3. Bxg8 Rxg8 4. Nc3 Nc6 5. d3 Bc5 6. Na4 Be7 7. exf5 d5 8.
Qh5+ g6 9. fxg6 hxg6 10. Qh7 Be6 11. Nc3 Qd7 12. Qh6 O-O-O 13. Nge2 d4 14. Ne4
Bf5 15. Bg5 Rh8 16. Qg7 Bb4+ 17. c3 Bxc3+ 18. bxc3 Qxg7 19. Bf6 Qf7 20. cxd4
Bxe4 21. Bxd8 Bxg2 22. Rg1 Rxh2 23. Bg5 Rh1 24. Be3 exd4 25. Bd2 Qe6 26. O-O-O
Rxg1 27. Nxg1 Qxa2 28. Bg5 Nb4 29. Rd2 Qa1# 0-1

[Event "AUTO-ADV-724"]
[Site "http://www.queenalice.com/game.php?id=309907"]
[Date "2007.11.25"]
[Round "1"]
[White "igatho42"]
[Black "Sertori"]
[Result "1-0"]
[WhiteElo "1751"]
[BlackElo "1646"]

1. e4 e5 2. Nf3 Nc6 3. Bc4 Nf6 4. d3 Bc5 5. Bg5 O-O 6. Nc3 a6 7. Nd5 Be7 8.
Nxe7+ Qxe7 9. O-O d6 10. h3 Be6 11. Bxe6 fxe6 12. c3 d5 13. exd5 exd5 14. Re1
Qd6 15. Qd2 e4 16. dxe4 Nxe4 17. Qc1 Nxg5 18. Qxg5 Rf6 19. Rad1 Raf8 20. c4 d4
21. Qg4 Rg6 22. Qe4 Qf6 23. Kh1 a5 24. Re2 Qd6 25. Nxd4 Rgf6 26. Rdd2 Nxd4 27.
Rxd4 Qb6 28. Qd5+ Kh8 29. c5 Qb5 30. Rdd2 c6 31. Qg5 Qc4 32. Rc2 Qxa2 33. b4
Qb1+ 34. Kh2 Qxb4 35. Re7 Rg6 36. Qe5 Qb1 37. Re8 Kg8 38. Re2 Rf6 39. Rxf8+ Rxf8
40. Rb2 Qf1 41. Rxb7 Rf7 42. Rxf7 Kxf7 43. Qc7+ Kf8 44. Qxa5 Qxf2 45. Qd8+ Kf7
46. Qd7+ Kf8 47. Qxc6 Qf4+ 48. Kg1 Qd4+ 49. Kf1 Qc4+ 50. Kf2 Qd4+ 51. Kf3 Qc3+
52. Kg4 Qd4+ 53. Kf5 Qf2+ 54. Ke6 Qf6+ 55. Kd7 Qf5+ 56. Qe6 Qxe6+ 57. Kxe6 Ke8
58. c6 Kd8 59. Kf7 1-0

[Event "AUTO-ADV-724"]
[Site "http://www.queenalice.com/game.php?id=309908"]
[Date "2007.11.25"]
[Round "1"]
[White "Sertori"]
[Black "igatho42"]
[Result "0-1"]
[WhiteElo "1624"]
[BlackElo "1665"]

1. e4 c5 2. Nc3 Nc6 3. g3 Nf6 4. Bg2 e5 5. d3 h6 6. f4 d6 7. f5 Be7 8. Nh3 b5 9.
Nxb5 O-O 10. Be3 Ba6 11. Nc3 Nd4 12. g4 c4 13. g5 hxg5 14. Nxg5 Nd7 15. h4 cxd3
16. cxd3 Qb6 17. Qd2 Nc5 18. Bf1 Rab8 19. Rb1 Bxg5 20. hxg5 Nf3+ 0-1

[Event "Challenge"]
[Site "http://www.queenalice.com/game.php?id=332042"]
[Date "2008.1.6"]
[Round "-"]
[White "PedroNRF"]
[Black "Sertori"]
[Result "1/2-1/2"]
[WhiteElo "1815"]
[BlackElo "1632"]

1. d4 f5 2. c4 Nf6 3. Bf4 e6 4. e3 Be7 5. Nf3 O-O 6. c5 Nh5 7. Bd3 Nxf4 8. Bf1
d6 9. exf4 dxc5 10. Bc4 cxd4 11. Nxd4 c5 12. Bxe6+ Bxe6 13. Nxe6 Qxd1+ 14. Kxd1
Rf6 15. Nc7 Rf8 16. Re1 Bf6 17. Re2 Nc6 18. Nxa8 Rxa8 19. Nc3 Nd4 20. Rd2 Re8
21. Nd5 Bd8 22. b4 Nb5 23. Ne3 cxb4 24. Nxf5 Bf6 25. Rc1 Bc3 26. Re2 Rd8+ 27.
Kc2 g6 28. Ng3 Nd4+ 29. Kd3 Nxe2+ 30. Kxe2 Rd2+ 31. Kf3 Rxa2 32. Ne2 Bg7 33. Rc7
b6 34. Nc1 Ra3+ 35. Ke4 b3 36. Nd3 b2 37. Rc8+ Kf7 38. Rc7+ Kg8 39. Rc8+ Kf7 40.
Rc7+ Kg8 1/2-1/2

[Event "hola"]
[Site "http://www.queenalice.com/game.php?id=360368"]
[Date "2008.2.24"]
[Round "-"]
[White "ramongarcia"]
[Black "Sertori"]
[Result "1-0"]
[WhiteElo "2213"]
[BlackElo "1634"]

1. e4 e5 2. Bc4 Nf6 3. d3 d5 4. exd5 Nxd5 5. Nf3 Nc6 6. O-O Nf6 7. Ng5 Nd5 8.
Nc3 Be6 9. Nxe6 fxe6 10. Qh5+ g6 11. Qf3 Nd4 12. Qe4 Nc6 13. Nxd5 exd5 14. Bxd5
Bd6 15. Bxc6+ 1-0